000 00815nam a2200265 a 4500
001 000000733
003 DO-SdBNP
005 20210809100159.0
008 090429s2012 dr r 000 j spa d
020 _z9789945165173
020 _z
040 _aBPMSU
_bspa
_cBPMSU
082 _aRD863.44
_bJ58c, 2012
_222
100 1 _aJesús Ulerio, Luis Felipe de,
_d1970 -
245 1 0 _aCatalepsia 2 :
_bmás cuentos de muertos contados por vivos /
_cLuis Felipe de Jesús Ulerio.
250 _a2a. ed.
260 _aSanto Domingo :
_bBúho,
_c2012
300 _a191 p. ;
_c22 cm.
500 _aIncluye datos biográficos del autor en la solapa de la cubierta
590 _aInventariado, 2021/VM
650 4 _aCuentos dominicanos
650 4 _aLiteratura dominicana.
910 _aVMateo V.
942 _2ddc
_cBK
999 _c12638
_d12638